[Event "Moscow Aeroflot op"]
[Site "Moscow"]
[Date "2002.02.09"]
[Round "7"]
[White "Sadvakasov, Darmen"]
[Black "Kobalia, Mihail"]
[Result "0-1"]
[WhiteElo "2555"]
[BlackElo "2620"]
[Annotator "Hecht,H"]
[PlyCount "88"]
[EventDate "2002.02.04"]
[EventType "swiss"]
[EventRounds "9"]
[EventCountry "RUS"]
[SourceTitle "CBM 088"]
[Source "ChessBase"]
[SourceDate "2002.03.21"]
[SourceVersion "1"]
[SourceVersionDate "2002.03.21"]
[SourceQuality "1"]

1. e4 c5 2. Nf3 e6 3. d4 cxd4 4. Nxd4 a6 5. Bd3 Bc5 6. Nb3 Be7 7. O-O d6 8. c4
Nf6 9. Nc3 Nbd7 10. Be3 Qc7 11. f4 b6 12. Nd2 Bb7 13. Rc1 Rc8 14. b4 Qb8 15.
Qe2 O-O 16. Nb3 Rfe8 17. c5 dxc5 18. e5 Nd5 19. Nxd5 Bxd5 20. Bxa6 Rc7 21. bxc5
Nxc5 22. Bc4 Rd8 23. Rfd1 Qa8 24. Bxd5 Rxd5 25. Rxd5 Qxd5 26. Nxc5 Bxc5 27.
Bxc5 bxc5 {[#] Ungefähr gleiche Stellung, in der Weiß nach Initiative strebt
aber doch zwei gute Möglichkeiten ausläßt und zu früh aufgibt (ZÜ!?)} 28. Rd1
Qa8 29. Qa6 Qe8 30. Qc4 h6 31. a4 Qa8 32. h3 Rb7 33. Qe4 Qc8 34. Rc1 Rb2 35.
Kh2 Qc7 36. Qa8+ Kh7 37. a5 Rb4 38. Qf8 Rb5 39. a6 Ra5 40. Qa8 {Interessant war
} (40. Rc3 $1 Rxa6 $6 (40... f5 $1) 41. Rg3 g6 42. Rd3 $40 {z.B.} f5 (42... g5
43. Rd8 Kg6 44. Rc8 Qb7 45. fxg5 hxg5 46. Qd8 $18) 43. Rd8 Qg7 44. Qxc5 Ra7 45.
Re8) 40... f5 41. Rb1 $6 (41. Rd1 $1 $40 {[%csl Gd7][%cal Yd1d8,Yd8h8]}) 41...
Qd7 $1 {[%csl Ge8]} 42. Rb8 Ra3 43. Rh8+ Kg6 44. Qg8 Rxa6 {Aufgabe / Zeit?!} (
44... Rxa6 45. Qh7+ Kh5 46. Rg8 Ra7 47. Qh8 $1 {[%cal Yg8d8,Yd8d3,Yd3g3,Yg3g5]}
c4 48. Rd8 Qc6 $17) 0-1

[Event "EU-ch 3rd"]
[Site "Batumi"]
[Date "2002.06.17"]
[Round "6"]
[White "Macieja, Bartlomiej"]
[Black "Kekelidze, Mikheil"]
[Result "1-0"]
[WhiteElo "2584"]
[BlackElo "2477"]
[Annotator "Hecht,H"]
[PlyCount "107"]
[EventDate "2002.06.12"]
[EventType "swiss"]
[EventRounds "13"]
[EventCountry "GEO"]
[SourceTitle "CBM 090"]
[Source "ChessBase"]
[SourceDate "2002.09.20"]
[SourceVersion "1"]
[SourceVersionDate "2002.09.20"]
[SourceQuality "1"]

1. e4 c5 2. Nf3 e6 3. d4 cxd4 4. Nxd4 a6 5. Bd3 Bc5 6. Nb3 Bb6 7. O-O Ne7 8.
Bf4 d5 9. N1d2 Nbc6 10. Qh5 Ng6 11. Bg5 f6 12. Bh4 Nce5 13. Be2 O-O 14. Bg3 f5
15. Bxe5 Nxe5 16. exd5 exd5 17. Nf3 Ng6 18. Ng5 h6 19. Qxg6 hxg5 20. Bf3 f4 21.
Rad1 Bf5 22. Bxd5+ Qxd5 23. Qxb6 Qf7 24. Nd4 Rac8 25. Nxf5 Qxf5 26. Qxb7 Rf7
27. Qb3 Kh7 28. Rd3 Rc6 29. h3 Rfc7 30. Rc1 Rc4 31. Rd8 f3 32. Qxf3 Qxf3 33.
gxf3 Rxc2 34. Rxc2 Rxc2 35. Rb8 a5 36. a4 Kg6 37. Kg2 Rc1 38. Rb6+ Kf7 39. Rb5
Rc2 40. Rxa5 Rxb2 41. Rxg5 Ra2 {Weißer Freibauer, der vom Turm erst seitlich
dann von vorn gedeckt wird. Drei schlechte weiße Bauern gegen einen schwarzen.}
42. a5 Kf6 43. Rb5 Ra4 44. Kg3 g5 {Führt zu einem glasklarem Gewinn.} 45. Rb6+
Kf5 46. Ra6 Ra1 47. Ra8 Rg1+ (47... Ra4 48. a6 Kg6 49. a7 Kg7 50. h4 {mit
demselben Resultat, da der Turm ja nicht nehmen kann.}) 48. Kh2 Ra1 49. a6 Kg6
50. a7 Kg7 51. h4 gxh4 52. f4 {[%cal Rf4f5,Rf5f6]} Ra2 53. Kh3 Ra4 54. f5 1-0

[Event "Excelsior Cup"]
[Site "Gothenburg"]
[Date "2001.??.??"]
[Round "9"]
[White "Couso, Luis"]
[Black "Ahlander, Bjorn"]
[Result "1-0"]
[WhiteElo "2348"]
[BlackElo "2424"]
[Annotator "Hecht,H"]
[PlyCount "109"]
[EventDate "2001.01.08"]
[EventType "tourn"]
[EventRounds "9"]
[EventCountry "SWE"]
[EventCategory "7"]
[SourceTitle "CBM 081"]
[Source "ChessBase"]
[SourceDate "2001.03.20"]
[SourceVersion "1"]
[SourceVersionDate "2001.03.20"]
[SourceQuality "1"]

1. e4 c5 2. Nf3 e6 3. d4 cxd4 4. Nxd4 a6 5. Bd3 Bc5 6. Nb3 Be7 7. Qg4 Bf6 8.
Qe2 Nc6 9. O-O Nge7 10. f4 d6 11. N1d2 O-O 12. a4 g6 13. Kh1 Nb4 14. Nf3 Nec6
15. Be3 Nxd3 16. cxd3 e5 17. Qf2 exf4 18. Bxf4 Bg7 19. Nbd4 Ne5 20. Qd2 f6 21.
h3 Kh8 22. Rac1 Bd7 23. b3 Rc8 24. Rxc8 Bxc8 25. Bh6 Rf7 26. Bxg7+ Kxg7 27. Rc1
Rc7 28. Rc3 Bd7 29. Qc1 Rxc3 30. Qxc3 Qb6 31. Kh2 h5 32. Kg3 g5 33. a5 h4+ 34.
Kh2 Qc5 35. Qxc5 Nxf3+ 36. Nxf3 dxc5 37. Kg1 {[#] Inhalt: Unzureichende
schwarze Verteidigung. Analyse eines Bauernendspiels (Variante)} (37. d4 cxd4
38. Nxd4 Bc6 39. Nxc6 bxc6 $11) (37. g3 Bb5 38. d4 cxd4 39. Nxd4 hxg3+ 40. Kxg3
Bd7 $11) 37... Bb5 38. Ne1 Kg6 (38... f5 $142 $1) 39. Kf2 f5 40. Nf3 Kf6 41.
Ke3 Be8 (41... Bc6 $142) 42. Nd2 Bh5 $2 (42... Bc6 $1 {[%csl Re4,Rg2]}) 43.
exf5 Kxf5 44. Ne4 Bd1 ({Die letzte Chance war} 44... Bf7 45. Nd6+ Ke6 46. Nxf7
Kxf7 47. d4 {wobei dieses Bauernendspiel einer näheren Betrachtung unbedingt
zu unterziehen ist.} Ke6 (47... cxd4+ 48. Kxd4 Ke6 49. Kc5 Kd7 (49... Ke5 50.
Kb6 Kf4 51. Kxb7 Kg3 52. b4 (52. Kxa6 Kxg2 53. Kb5 Kxh3 (53... g4 54. hxg4 $18)
54. a6 g4 55. a7 g3 56. a8=Q g2 57. Qf3+ Kh2 58. Qf4+ (58. Qf2 h3 59. Kc4 Kh1
60. Qg3 h2 61. Qf3 Kg1 62. Qe3+ Kf1 $11 (62... Kh1 $2 63. Qe4 Kg1 64. Qe1#))
58... Kh3 59. Qg5 g1=Q $1 $11) 52... Kxg2 53. b5 g4 54. hxg4 h3 55. bxa6 h2 56.
a7 h1=Q 57. a8=Q Kf1+ $11) 50. Kd5 Kc7 51. Ke5 Kc6 52. Kf5 Kb5 53. Kxg5 Kxa5
54. Kxh4 Kb4 55. g4 $18) 48. dxc5 Kd5 49. Kf3 $18) 45. Nxc5 g4 46. hxg4+ Kxg4
47. Kd2 {[#] Das Finale "Springer gegen Randfreibauer" ist wegen der
Mitwirkung des weißen Königs leicht gewonnen.} Bxb3 48. Nxb3 Kg3 49. Ke2 Kxg2
50. Nc5 h3 51. Ne4 h2 52. Nf2 Kg3 53. Ke3 Kh4 54. Kf4 Kh5 55. d4 1-0

[Event "Itau Mercosul Cup 3rd"]
[Site "Sao Paulo"]
[Date "1999.??.??"]
[Round "8"]
[White "Tsuboi, Edson Kenji"]
[Black "Vescovi, Giovanni P"]
[Result "0-1"]
[WhiteElo "2322"]
[BlackElo "2522"]
[Annotator "Hindemburg,Melao"]
[PlyCount "62"]
[EventDate "1999.10.??"]
[EventType "swiss"]
[EventRounds "9"]
[EventCountry "BRA"]
[SourceTitle "EXT 2000"]
[Source "ChessBase"]
[SourceDate "1999.11.16"]
[SourceVersion "1"]
[SourceVersionDate "1999.11.16"]
[SourceQuality "1"]

1. e4 c5 2. Nf3 e6 3. d4 cxd4 4. Nxd4 a6 5. Bd3 g6 {Ribli: 'Vor 80 Jahren
stellte der ungarische GM Maroczy die These auf, daß e6 und g6 zusammen in der
Eröffnung nicht spielbar seien. Natürlich ist das Schachspiel inzwischen
komplexer geworden, aber ich kann diesen Zug nicht gutheißen.Ribli.'} 6. O-O
Bg7 7. Be3 Nc6 (7... d6 8. Nd2 Nf6 9. h3 O-O 10. f4 Qc7 11. a4 b6 12. Qe1 Nbd7
13. Qh4 Bb7 14. N4f3 Nc5 15. f5 Rae8 16. Bh6 exf5 17. exf5 Nxd3 18. cxd3 Qc5+
19. Kh1 Re2 20. fxg6 fxg6 21. Bxg7 Kxg7 22. Rac1 Qd5 23. Rc7+ Rf7 24. Rxf7+
Qxf7 25. Rf2 Re7 26. Ng5 Re1+ 27. Kh2 Qd5 28. Nde4 Qe5+ 29. g3 Bxe4 30. dxe4 h6
31. Nf3 Qc5 32. Nxe1 Qxf2+ 33. Ng2 g5 {0-1 Abella,J-Disconzi da Silva,R/Mar
del Plata 1993}) 8. Nxc6 bxc6 9. Nd2 d6 (9... Bxb2 10. Rb1 $32 (10. Nc4 Bxa1
11. Qxa1 f6 (11... Nf6 $4 12. Bg5 $18) (11... Qf6 12. Bd4 $18) 12. Nd6+ (12.
Bb6 Qe7) (12. Bc5 Kf7 13. Nd6+ Kg7) 12... Kf8 13. Bc5 Kg7 $17 {Und Weiß hat
auf den ersten Blick eine schöne Angriffsstellung, aber ich glaube, die
schwache schwarze Königsstellung kompensiert seinen materiellen Nachteil nicht
vollständig.Ribli.})) 10. Rb1 Ne7 11. b4 $5 (11. f4 $5) (11. Nc4 $5 d5 12. Nb6
Rb8 13. Nxc8 Qxc8 14. c4 dxe4 15. Bxe4 Rxb2 16. Rxb2 Bxb2 17. Bc5 $44) 11...
O-O 12. Nb3 f5 13. f3 e5 14. Qd2 f4 15. Bf2 Be6 16. Rfd1 (16. c4 $5) 16... Qc7
17. Qe2 g5 18. Bc4 $16 (18. Bxa6 $5) 18... Bxc4 19. Qxc4+ Kh8 20. Rd3 Rf6 21.
Rbd1 Rg6 22. h3 h5 23. Kf1 g4 $5 24. hxg4 hxg4 25. fxg4 Bh6 26. Bh4 $1 (26. Rh3
Kg7) 26... Ng8 27. g5 $1 Bxg5 $1 28. Bxg5 Rxg5 29. Rxd6 $6 (29. Qe6 $1) 29...
Qh7 $1 30. Qc5 Rf8 $132 31. Qf2 (31. R6d2 f3 32. g3 Qh3+ 33. Ke1 Rxg3 34. Qxe5+
Nf6 35. Kf2 Rg7 $1 $19) 31... f3 $19 (31... f3 32. gxf3 (32. g3 Rh5 $19) 32...
Qh3+ 33. Ke2 Rg2 $19) 0-1

[Event "Itau Mercosul Cup 3rd"]
[Site "Sao Paulo"]
[Date "1999.??.??"]
[Round "5"]
[White "Leitao, Rafael Duailibe"]
[Black "Loureiro, Luiz R Vasconcelos"]
[Result "1-0"]
[WhiteElo "2574"]
[BlackElo "2365"]
[Annotator "Hindemburg,Melao"]
[PlyCount "43"]
[EventDate "1999.10.??"]
[EventType "swiss"]
[EventRounds "9"]
[EventCountry "BRA"]
[SourceTitle "EXT 2000"]
[Source "ChessBase"]
[SourceDate "1999.11.16"]
[SourceVersion "1"]
[SourceVersionDate "1999.11.16"]
[SourceQuality "1"]

1. e4 c5 2. Nf3 e6 3. d4 cxd4 4. Nxd4 a6 5. Bd3 b5 $6 6. O-O Bb7 {[%tqu "En",
"Qual o melhor lance para as Brancas?","","","a2a4","",6]} 7. a4 $1 b4 {>< c4}
8. Nd2 Qc7 9. Nc4 Nf6 (9... d6 $142) {[%tqu "En","Qual o melhor lance para as
Brancas?","","","e4e5",">< d6, b6",5]} 10. e5 {>< d6, b6} d5 $2 {[#]} (10...
Nd5 $142 {>< f4, e3, c3}) {[%tqu "En","Qual o melhor lance para as Brancas?",
"","","e5f6","dando início a uma brilhante combinação!",15,"e5d6","",5]} 11.
exf6 $3 $18 {dando início a uma brilhante combinação!} (11. exd6 Bxd6 12. Nxd6+
Qxd6 13. Re1 Nbd7 (13... O-O 14. Bg5 $14) (13... Qxd4 $4 14. Bb5+) 14. Nf5 Qd5
15. f3 $14) 11... dxc4 12. Bf5 Nc6 (12... gxf6 13. Re1 $1 $18 (13. Nxe6 fxe6
14. Bxe6 h5 15. Re1 Be7 16. Qe2 Nc6 (16... c3 17. Bf4 $1 Qxf4 18. Bf7+ Kxf7 19.
Qxe7+ Kg6 20. Qxb7 $16) 17. Qxc4 $44)) {[%tqu "En","Qual o melhor lance para
as Brancas?","","","d4e6","as Brancas não dispõem de outra possibilidade senão
complicar sacrificar uma peça. De outro modo ficariam inferiores. O curioso й
que esse sacrifício (aparentemente desesperado) й ganhador!",10,"f1e1","",1]}
13. Nxe6 $1 {as Brancas não dispõem de outra possibilidade senão complicar
sacrificar uma peça. De outro modo ficariam inferiores. O curioso й que esse
sacrifício (aparentemente desesperado) й ganhador!} (13. Re1 O-O-O $17) 13...
fxe6 {[%tqu "En","Qual o melhor lance para as Brancas?","","","f5e6","",3,
"f1e1","",10]} 14. Bxe6 $6 ({a chave da combinação era evitar que as Pretas
jogassem a importante manobra defensiva Bd6-h2-e5:} 14. Re1 $1 Ne5 15. Bxe6
gxf6 16. Qh5+ Kd8 (16... Ke7 17. Bh3 Qc5 18. Be3 Qc6 19. f4 (19. Bg5 $1 $18)
19... Rg8 20. fxe5 Rxg2+ 21. Kf1 $18) 17. Bf4 Bd6 (17... Qc6 18. Rad1+ Kc7 19.
Bd5 Qe8 20. Rxe5 $18) 18. Rad1 $18) {[%tqu "En","Qual o melhor lance para as
Pretas?","","","c6e5","",0,"f8d6","",15]} 14... Ne5 $2 (14... Bd6 $1 15. Qh5+ (
15. Re1 Bxh2+ 16. Kh1 Be5 17. fxg7 Qxg7 $8 18. Bxc4 $13) 15... g6 16. f7+ Ke7
17. Qg4 (17. Qh3 Bxh2+ 18. Kh1 Be5 $13) 17... Bxh2+ 18. Kh1 Be5 19. Bg5+ Kf8
20. f4 $5 (20. Rad1 $5) (20. Bh6+ Bg7 $13) 20... Bg7 $1 (20... Bxb2 21. f5 Bxa1
(21... h5 $5) 22. Bh6+ Bg7 (22... Ke7 23. Rxa1 $18 {->}) 23. Bxg7+ Kxg7 24. f6+
Kf8 25. Qg5 $18) 21. f5 Ne5 $13) {[%tqu "En","Qual o melhor lance para as
Brancas?","","","c1g5","",10,"f1e1","",5]} 15. Bg5 $1 $18 (15. Re1 $5) 15...
gxf6 (15... Bc5 16. Re1 $18) 16. Bxf6 Bg7 17. Qh5+ Ng6 (17... Kf8 18. Qf5 $1
Nf7 19. Rad1 Bxf6 20. Qxf6 Rg8 21. g3 Rg6 (21... Rg7 22. Rd7 $18) 22. Qxf7+
Qxf7 23. Bxf7 Kxf7 24. Rd7+ Kf6 25. Rxb7 $18) 18. Bxg7 Qxg7 19. Rfe1 Qf6 20.
Bd5+ Kf8 21. Bxb7 Rb8 22. Qh6+ 1-0

[Event "Olympiad-34"]
[Site "Istanbul"]
[Date "2000.10.30"]
[Round "3.2"]
[White "Hracek, Zbynek"]
[Black "Spraggett, Kevin"]
[Result "0-1"]
[WhiteElo "2612"]
[BlackElo "2501"]
[Annotator "Hracek,Z"]
[PlyCount "72"]
[EventDate "2000.10.28"]
[EventType "team-swiss"]
[EventRounds "14"]
[EventCountry "TUR"]
[SourceTitle "EXT 2001"]
[Source "ChessBase"]
[SourceDate "2000.11.22"]
[SourceVersion "1"]
[SourceVersionDate "2000.11.22"]
[SourceQuality "1"]
[WhiteTeam "Czech Republic"]
[BlackTeam "Canada"]
[WhiteTeamCountry "CZE"]
[BlackTeamCountry "CAN"]

1. e4 c5 2. Nf3 e6 3. d4 cxd4 4. Nxd4 a6 5. Bd3 Nf6 6. O-O d6 7. c4 Be7 8. b3
O-O 9. Bb2 Nbd7 10. Qe2 g6 11. Nc3 Re8 12. Rad1 Bf8 13. Bb1 Qc7 14. f4 e5 15.
Nd5 $6 (15. fxe5 $142 dxe5 16. Qf3 $1 $16 {krasny tah, ktery jsem nasel
bohuzel az po partii na hotelovem pokoji} Bc5 (16... exd4 17. Nd5 Qd6 18. Bxd4
$16) (16... Re7 17. Nc2 $16) 17. Nd5 Qd6 18. b4 Bxb4 19. Nb3 Re6 20. Kh1 $40)
15... Nxd5 16. exd5 Bg7 17. Rde1 b6 18. Kh1 Bb7 19. Nf3 f5 20. fxe5 (20. g4
$142 {dava dobre sance, ze se cerny splete} exf4 $1 (20... e4 21. Nd4 $16) (
20... fxg4 21. Ng5 h6 22. Ne4 $1 (22. Bxg6 $5 hxg5 23. fxg5 Re7 24. Qxg4 $13)
22... exf4 23. Qxg4 $1 Bxb2 (23... Ne5 24. Bxe5 $18) 24. Qxg6+ Bg7 25. Rxf4 $1
Re7 26. Rg1 Rf8 27. Rh4 $18) 21. Qxe8+ Rxe8 22. Rxe8+ Kf7 23. Re2 (23. Rfe1 Ne5
24. Bxe5 Bxe5 25. R8xe5 dxe5 26. gxf5 gxf5 27. Rxe5 Qc5 28. Kg2 $13) 23... Bxb2
24. Ng5+ Kf6 25. Nxh7+ Kf7 (25... Kg7) 26. Ng5+ Kf6 27. Ne6 Qc8 28. Rxb2 b5
$132) 20... Nxe5 $13 21. Ng5 (21. Nd4 Bc8 22. a4 Bd7 23. Qd2 b5 24. cxb5 axb5
25. Nxb5 Bxb5 26. axb5 Qc5 $15) 21... Bc8 22. g4 $6 Qd8 $1 (22... fxg4 23. Nxh7
Kxh7 24. Bxg6+ Nxg6 (24... Kxg6 25. Qe4+ $18) 25. Qxe8 Ra7 (25... Ne5 26. Bxe5
dxe5 27. Rf7 $18) 26. Bxg7 Kxg7 27. Rf2 Qd7 28. Qe3 $13) 23. Ne6 $6 (23. Nxh7
$6 Kxh7 24. gxf5 Bxf5 25. Rxf5 gxf5 26. Bxf5+ Kg8 27. Qh5 Qf6 28. Rg1 Kf8 $19)
(23. Bc1 Bf6 (23... h6 24. Nf3) 24. Ne6 Bxe6 25. dxe6 Nxg4) 23... Rxe6 $1 $17 {
Tento tah jsem samozrejme videl, ale protoze jsem mel malo casu, tak jsem ho
moc nepocital.} (23... Bxe6 $2 24. dxe6 Nxg4 25. Bxg7 Kxg7 26. Bxf5 gxf5 27.
Rxf5 $18) 24. dxe6 Bb7+ 25. Kg1 Qh4 26. Rd1 fxg4 27. Be4 (27. Rd5 Nf3+ 28. Kh1
Bxb2 29. Qxb2 Re8 $19) 27... Nf3+ 28. Rxf3 gxf3 29. Bxf3 $2 (29. Qxf3 Rf8 30.
e7 $1 {Na to jsem zapomnel.Pozice se vlastne uplne otocila a ja jsem uz
nedokazal najit nejlepsi sanci na zachranu.} Qg5+ 31. Kh1 Qxe7 32. Bd5+ Rf7 33.
Bxg7 Kxg7 34. Qd3 Bxd5+ 35. Qxd5 $17) 29... Qg5+ 30. Kh1 Qg4 $19 31. Rd5 Bxd5
32. cxd5 Qf5 33. Ba3 Be5 34. Qe4 Qg5 35. Bb4 Rc8 36. Bg4 Qh4 0-1

[Event "WchT Students 19th final A"]
[Site "Graz"]
[Date "1972.07.26"]
[Round "6.1"]
[White "Karpov, Anatoly"]
[Black "Huebner, Robert"]
[Result "1-0"]
[WhiteElo "2630"]
[BlackElo "2590"]
[Annotator "Huebner,R"]
[PlyCount "148"]
[EventDate "1972.07.21"]
[EventType "team-tourn"]
[EventRounds "9"]
[EventCountry "AUT"]
[SourceTitle "CBM 051"]
[Source "ChessBase"]
[SourceDate "1996.04.01"]
[SourceVersion "1"]
[SourceVersionDate "1996.04.01"]
[SourceQuality "1"]
[WhiteTeam "Soviet Union"]
[BlackTeam "German Fed Rep"]
[WhiteTeamCountry "URS"]
[BlackTeamCountry "GER"]

1. e4 {Karpov} c5 2. Nf3 e6 3. d4 cxd4 4. Nxd4 a6 5. Bd3 Bc5 6. Nb3 Ba7 7. O-O
Nc6 8. Qe2 d6 9. Be3 Bxe3 10. Qxe3 Nf6 11. c4 O-O 12. Rd1 Qc7 13. Nc3 Ne5 14.
Rac1 b6 15. Be2 Bb7 16. f4 Ng6 17. g3 Rfd8 18. a3 Rac8 19. Nd4 Ba8 20. b3 Ne7
21. Bf3 Rb8 22. a4 Qc5 23. Rd3 e5 24. Nde2 exf4 25. gxf4 Qxe3+ 26. Rxe3 Ng6 27.
Rd1 Kf8 28. Red3 Ne8 29. Kf2 Rdc8 30. Kg3 Ne7 31. Nd4 Rc5 32. R1d2 Bb7 33. Nc2
{Weiß hätte durch h4 den folgenden Zug des Schwarzen verhindern können, aber
ich bin der Meinung er bringt mehr Nachteile als Vorteile. Karpov} (33. h4 $142
h6 34. h5) 33... g5 {Schwarz schafft sich Raum und vergrößert seinen Einfluß
aufs Zentrum.} 34. fxg5 (34. f5 Nc6 {[%cal Yc6e5] /\35... Se5 mit
befriedigendem Spiel für Schwarz.}) 34... Rxg5+ 35. Kf2 Ng6 36. Bh1 Rc8 (36...
f5 {konsequent} 37. Nd5 (37. Nd4 Ng7 38. Nde2 Ne8 39. Ng3 f4 40. Nf5 Ne5 41.
Rh3 Rxf5 {Schwarz dürfte sich halten können.}) 37... Ne5 38. Rg3 Rh5 39. Kg1
Bxd5 $13) 37. Rg3 Rcc5 38. Ne3 Ne7 {Schwarz kann sich des Feldes e5 nicht
erfreuen, da er den Springer zur Verteidigung des Feldes d5 zurückziehen muß.
Karpov} 39. Bf3 {[#]} Rxg3 $2 {Hiernach bekommt Weiß das Feld f5, weil er
seinen Turmbauern nach g4 bringen kann. Diesen Zug kommentiert Karpov nicht.} (
39... Rg6 {Schwarz kann sich Hoffnung auf einen erfolgreichen Widerstand
machen.}) 40. hxg3 Re5 41. g4 a5 42. Rd1 Bc6 43. Ncd5 Nc8 44. Nf5 Bxd5 45. cxd5
Ne7 46. Ne3 Ng8 47. Nc4 Re7 48. Nxb6 Rb7 49. Nc4 Rxb3 50. Ra1 Ngf6 51. Nxa5
Rb2+ 52. Ke3 Nd7 53. Nc6 Rb3+ 54. Kf4 Ne5 55. Nxe5 dxe5+ 56. Kg3 Nd6 57. Kf2
Rb2+ 58. Kg1 Rb7 59. a5 Ra7 60. a6 Ke7 61. Kf2 Kd7 62. Ke3 Nc4+ 63. Kd3 Nb6 64.
Be2 Kd6 65. Ke3 Nd7 66. Rh1 Nf8 67. Rh6+ Ke7 68. d6+ Kd8 69. Bb5 Ra8 70. Rh5 f6
71. Rh6 Rb8 72. Bc6 Rb3+ 73. Kd2 Ra3 74. Rxf6 Ra2+ 1-0